32 ਪਾਕਿਸਤਾਨੀ ਕਹਾਣੀਆਂ (Record no. 300108)

MARC details
000 -LEADER
fixed length control field 00809nam a2200229Ia 4500
003 - CONTROL NUMBER IDENTIFIER
control field OSt
005 - DATE AND TIME OF LATEST TRANSACTION
control field 20260114142313.0
008 - FIXED-LENGTH DATA ELEMENTS--GENERAL INFORMATION
fixed length control field Pun
020 ## - INTERNATIONAL STANDARD BOOK NUMBER
International Standard Book Number 9789352311514 (hbk)
037 ## - SOURCE OF ACQUISITION
Terms of availability Textual
040 ## - CATALOGING SOURCE
Original cataloging agency ARTS
Transcribing agency ARTS
Language of cataloging Pun
041 ## - LANGUAGE CODE
Source of code Pun
Language code of text/sound track or separate title Pun
100 ## - MAIN ENTRY--PERSONAL NAME
Personal name ਜਿੰਦਰ, ਥਦ.
9 (RLIN) 864461
245 #0 - TITLE STATEMENT
Title 32 ਪਾਕਿਸਤਾਨੀ ਕਹਾਣੀਆਂ
260 ## - PUBLICATION, DISTRIBUTION, ETC.
Place of publication, distribution, etc. ਸਮਾਣਾ
Name of publisher, distributor, etc. ਸੰਗਮ ਪਬਲੀਕੇFਨਗ਼
Date of publication, distribution, etc. 2016
300 ## - PHYSICAL DESCRIPTION
Extent 269ਪ0
Dimensions cm.
650 ## - SUBJECT ADDED ENTRY--TOPICAL TERM
Topical term or geographic name entry element ਪੰਜਾਬੀ ਸਾਹਿਤ
9 (RLIN) 864462
650 ## - SUBJECT ADDED ENTRY--TOPICAL TERM
Topical term or geographic name entry element ਪੰਜਾਬੀ ਕਹਾਣੀ
9 (RLIN) 864463
650 ## - SUBJECT ADDED ENTRY--TOPICAL TERM
Topical term or geographic name entry element ਪਾਕਿਸਤਾਨੀ ਸਾਹਿਤ
9 (RLIN) 160623
942 ## - ADDED ENTRY ELEMENTS (KOHA)
Classification part O44Q7,3x 153Q6
Koha item type Textbook
Source of classification or shelving scheme Colon Classification (CC)
Suppress in OPAC No
Holdings
Withdrawn status Lost status Source of classification or shelving scheme Damaged status Not for loan Home library Current library Date acquired Source of acquisition Cost, normal purchase price Inventory number Total Checkouts Full call number Barcode Date last seen Cost, replacement price Price effective from Koha item type
    Colon Classification (CC)     Arts Library Arts Library 2022-09-23 H.K. Prakashan 250.00 1012, 25/01/2018,   O44Q7,3x 153Q6 AL1631296 2022-09-23 250.00 2022-09-23 Textbook
Copyright @ Delhi University Library System